Music Quiz

Random Music or Bands Quiz

Top 100 Bands (1985) Quiz Stats

Quiz Updated Oct 20, 2016

Challenge
Share
Tweet
Embed
Score 0/100 Timer 10:00
8 Plays Today
Song Artist % Correct
Like a VirginMadonna
99.2%
Crazy For YouMadonna
99.2%
Material GirlMadonna
99.2%
AngelMadonna
99.2%
Dress You UpMadonna
99.2%
Careless WhisperWham! feat. George Michael
95.6%
Wake Me Up Before You Go-GoWham!
93%
Everything She WantsWham!
93%
FreedomWham!
93%
Glory DaysBruce Springsteen
90.2%
I'm On FireBruce Springsteen
90.2%
Born in the USABruce Springsteen
90.2%
Easy LoverPhilip Bailey & Phil Collins
86.1%
Separate LivesPhil Collins & Marilyn Martin
86.1%
One More NightPhil Collins
86.1%
SussudioPhil Collins
86.1%
Don't Lose My NumberPhil Collins
86.1%
HeavenBryan Adams
84.7%
Run to YouBryan Adams
84.7%
Summer of '69Bryan Adams
84.7%
Take on Mea-ha
82.2%
Raspberry BeretPrince & The Revolution
79.2%
Everybody Wants to Rule the WorldTears for Fears
78.7%
ShoutTears For Fears
78.7%
Head Over HeelsTears For Fears
78.7%
Money for NothingDire Straits
77.9%
We Don't Need Another HeroTina Turner
76.6%
Better Be Good To MeTina Turner
76.6%
Private DancerTina Turner
76.6%
We Built This CityStarship
74.1%
I Want to Know What Love IsForeigner
73.9%
A View to a KillDuran Duran
73.7%
The Wild BoysDuran Duran
73.7%
The Power of LoveHuey Lewis & The News
72.5%
Song Artist % Correct
Saving All My Love For YouWhitney Houston
69.3%
You Give Good LoveWhitney Houston
69.3%
The Boys of SummerDon Henley
68.9%
All She Wants to Do Is DanceDon Henley
68.9%
Smooth OperatorSade
67%
Can't Fight This FeelingREO Speedwagon
62.7%
Don't You (Forget About Me)Simple Minds
60.4%
You're the InspirationChicago
57.5%
Walking on SunshineKatrina and the Waves
57.1%
Out of TouchHall and Oates
56.1%
Method of Modern LoveHall and Oates
56.1%
Part-Time LoverStevie Wonder
54.6%
If You Love Somebody Set Them FreeSting
52.4%
Fortress Around Your HeartSting
52.4%
We BelongPat Benatar
52.3%
The Heat Is OnGlenn Frey
51.9%
You Belong to the CityGlenn Frey
51.9%
Freeway of LoveAretha Franklin
51.5%
Who's Zoomin' WhoAretha Franklin
51.5%
California GirlsDavid Lee Roth
50.2%
Penny LoverLionel Richie
49.8%
Do What You DoJermaine Jackson
48.2%
We Are The WorldUSA For Africa
48.2%
Neutron DancePointer Sisters
47.1%
I Feel For YouChaka Khan
46.6%
Would I Lie To You?Eurythmics
44%
What About LoveHeart
41.8%
CherishKool & The Gang
40.6%
MisledKool & The Gang
40.6%
FreshKool & The Gang
40.6%
StrutSheena Easton
40.4%
Sugar WallsSheena Easton
40.4%
Everytime You Go AwayPaul Young
39.7%
Lover BoyBilly Ocean
39.5%
Song Artist % Correct
SuddenlyBilly Ocean
39.5%
Lonely Ol' NightJohn Cougar Mellencamp
38.8%
Too Late for GoodbyesJulian Lennon
38.3%
ValotteJulian Lennon
38.3%
Voices Carry'Til Tuesday
37.4%
All Through The NightCyndi Lauper
37.2%
St. Elmo's Fire (Man in Motion)John Parr
35.6%
Rhythm of the NightDeBarge
35.4%
Who's Holding Donna NowDeBarge
35.4%
No More Lonely NightsPaul McCartney
34.5%
Miami Vice ThemeJan Hammer
34.4%
NightshiftCommodores
33.1%
Things Can Only Get BetterHoward Jones
32.7%
Never SurrenderCorey Hart
32.6%
One Night in BangkokMurray Head
32.2%
Some Like it HotThe Power Station
31.1%
Sea of LoveThe Honeydrippers
27.8%
The Search is OverSurvivor
27.4%
I Can't Hold BackSurvivor
27.4%
Cool It NowNew Edition
26.1%
ObsessionAnimotion
25.4%
Jungle LoveThe Time
24.7%
Axel FHarold Faltermeyer
24.2%
Lay Your Hands on MeThompson Twins
23.2%
All I NeedJack Wagner
19.4%
SolidAshford & Simpson
19.3%
Be Near MeABC
19.2%
Oh SheilaReady For The World
18.7%
Missing YouDiana Ross
18.4%
In My HouseMary Jane Girls
17%
Lover GirlTeena Marie
15.3%
Sentimental StreetNight Ranger
15%

You're not logged in!

Compare scores with friends on all Sporcle quizzes.
Sign Up with Email
OR
Log In

You Might Also Like...

Show Comments

Extras

Top Quizzes Today


Score Distribution

Your Account Isn't Verified!

In order to create a playlist on Sporcle, you need to verify the email address you used during registration. Go to your Sporcle Settings to finish the process.